000
00384nam a22000977a 4500
100
_a
कुलश्रेष्ठ,सरोजनी
_9
79540
245
_a
श्रेष्ठ बाल कहानियॉं
260
_a
गाजियाबाद
_b
अनिमेष पब्लिकेशन
_c
2018
650
_a
चिल्ड्रन बुक
_9
159
942
_c
HIN
999
_c
63184
_d
63184